000 01163nam0a22002651 4500
001 rc\4984072
005 20130430131713.2
021 _aRU
_b[63-67487]
035 _a(NLR Aleph) 008969197
090 _a9113750
_c9113750
100 _a20130430d1963 |||y0rusy50 ca
101 0 _arus
102 _aRU
105 _ay z |||a|
200 1 _aНетерпенье
_eСтихи
210 _aМосква
_cСов. писатель
_d1963
215 _a143 с.
_d17
327 0 _aЦиклы: Как я смотрю; Симфония одного двора и другие; Медленная молния; Шире окна!; Жар-птица; Человек пошел; Бунт зарниц; Мед из камня
464 0 _12001#$aКак я смотрю$aСимфония одного двора и другие$aМедленная молния$aШире окна!$aЖар-птица$aЧеловек пошел$aБунт зарниц$aМед из камня
700 1 _aРывлин
_bА. И.
_f1915-
_gАркадий Исаакович
801 0 _aRU
_bNLR
_gpsbo
801 1 _aRU
_bELAR
_2rusmarc
852 _aNLR
_j63-2/2824
942 _cBOOK
980 _aNB